| 000 | 01009nam a2200265 a 4500 | ||
|---|---|---|---|
| 001 | |||
| 003 | DO-SdBNP | ||
| 005 | 20221122075719.0 | ||
| 008 | 101007s2004 dr r 001 0 spa d | ||
| 020 | _a9993430676 | ||
| 040 |
_aBPMSU _bspa _cBPMSU |
||
| 082 |
_aR016.337293 _bB582e, 2004 _222 |
||
| 245 | 0 | 0 |
_aBibliografía económica dominicana 2001-2002 / _cpresentación Héctor Valdez Albizu. |
| 260 |
_aSanto Domingo : _bBanco Central de la República Dominicana, _c2004. |
||
| 300 |
_axvi, 259 p. ; _c23 cm. |
||
| 490 | 0 |
_aBanco Central de la República Dominicana _aBibliografía _v70 |
|
| 500 | _aIncluye índice de autores | ||
| 590 | _aInventariado, 2021/VM | ||
| 651 | 4 |
_aRepública Dominicana _xCondiciones Económicas _y2001-2002 _vBibliografías |
|
| 651 | 4 |
_aRepública Dominicana _xPolítica Económica _y2001-2002 _vBibliografías |
|
| 700 | 2 |
_aValdez Albizu, Héctor, _d1947- _epresentación |
|
| 710 | 2 | _aBanco Central de la República Dominicana | |
| 910 | _aVMateo | ||
| 942 |
_2ddc _cBK |
||
| 999 |
_c13531 _d13531 |
||